Quiz su eSwatini - Statistics

Statistiche generali
  • Questo quiz è stato fatto 369 volte
  • Il punteggio medio è 10 su 15
Statistiche sulle risposte
Hint Risposta % Corretto
Sudafrica
95%
Lingue ufficiali Inglese
93%
Nome del paese fino al 2018 Swaziland
92%
Forma di governo Monarchia assoluta
85%
Paesi confinanti Mozambico
85%
Paese a cui apparteneva l'Eswatini fino al 1968 Regno Unito
85%
Questo virus ha infettato il 27,2% degli adulti in Eswatini. È più di qualsiasi altro paese al mondo. AIDS / HIV
76%
Animale che tradizionalmente rappresenta il re degli Eswatini Leone
75%
Il capo dello stato ha 15 ____. Suo padre Sobhuza II ne aveva almeno 70 (forse 125) Mogli
74%
Capitale amministrativa Mbabane
71%
Simbolo presente sulla bandiera Scudo
53%
Animale che tradizionalmente rappresenta la regina del paese Elefante
48%
Swati
36%
Capitale ufficiale e legislativa Lobamba
33%
Termine che indica una steppa arida dell'Africa meridionale, come quella che copre l'Eswatini V{eld}
25%
Nessun quiz corrispondente trovato
Distribuzione punteggi
Percentuale di utenti per punteggio
Percentile per numero di risposta
I tuoi punteggi nel tempo
Non hai fatto questo quiz